| 000 | 01941nam0a2200385 4500 | ||
|---|---|---|---|
| 001 | RU\NLR\BIBL_A\012481357 | ||
| 005 | 20250624044632.0 | ||
| 010 |
_a978-5-906890-99-3 _9300 |
||
| 021 |
_aRU _b2020-52455 _9КН-П-3926 |
||
| 035 | _a(RuMoRGB)010423863 | ||
| 035 | _a(NLR Aleph) 012481357 | ||
| 090 |
_a12131774 _c12131774 |
||
| 100 | _a20210322d2018 |||y0rusy50 ca | ||
| 101 | 0 | _aeng | |
| 102 | _aRU | ||
| 105 | _ay j 000zy | ||
| 181 | 0 |
_ai _baxxe |
|
| 182 | 0 | _an | |
| 200 | 1 |
_aDermatology for medical students _etraining manual _eучебное пособие для студентов высших учебных заведений, обучающихся по специальности: 31.05.01 - "Лечебное дело" _fVladimir V. Baityakov, Olga V. Dikova _gN. P. Ogarev Mordovia state university |
|
| 203 |
_aТекст _bвизуальный _cнепосредственный |
||
| 210 |
_aSaransk _cV. Afanasev _d2018 |
||
| 215 |
_a84 с. _d21 |
||
| 300 | _aВ вып. дан.: Дерматология для студентов-медиков / Байтяков В. В., Дикова О. В. | ||
| 320 | _aБиблиогр.: с. 84 (7 назв.) | ||
| 517 | 1 | _aДерматология для студентов-медиков | |
| 541 | 1 |
_aДерматология для студентов-медиков _zrus |
|
| 606 | 1 |
_aВенерология _jУчебные издания для высших учебных заведений _91252445 _3RU\NLR\AUTH\66195867 |
|
| 606 | 1 |
_aДерматология _jУчебные издания для высших учебных заведений _91027884 _3RU\NLR\AUTH\6676170 |
|
| 686 | 1 | _aР58я73 | |
| 700 | 1 |
_7ba _8rus _aBajtjakov _bV. V. _f1975- _gVladimir Viktorovič _9240698 _3RU\NLR\AUTH\770240754 |
|
| 701 | 1 |
_aDikova _bO. V. _f1958- _gOl'ga Vladimirovna |
|
| 942 | _cBOOK | ||
| 980 | _aNB | ||